| 000 | 00524nam a2200193Ia 4500 | ||
|---|---|---|---|
| 003 | GCL | ||
| 008 | 140319s9999 xx 000 0 eng d | ||
| 040 |
_aGCL / _cGCL |
||
| 082 | 0 | 4 |
_a668.9 _bF S |
| 100 | 1 | _aFELDMAN, DOREL | |
| 245 | 1 | 0 |
_aSYNTHETIC POLYMERS: TECHNOLOGY, PROPERTIES AND APPLICATIONS / _cFELDMAN, DOREL |
| 700 | 1 | _aBARBALATA, ALLA | |
| 260 |
_a[S.N] : _bCHAPMAN & HALL ، _c1996 |
||
| 300 | _a370 P | ||
| 650 | 0 | 4 | _aPOLYMARIZATION |
| 650 | 0 | 4 | _aPOLYMERS |
| 650 | 0 | 4 | _aORGANIC CHEMISTRY |
| 942 |
_2ddc _cBK |
||
| 999 |
_c13924 _d13924 |
||